[Event "Saratov op"]
[Site "Saratov"]
[Date "2011.08.04"]
[Round "6"]
[White "Dvoryadkin, Maksim"]
[Black "Zhdanov, Petr"]
[Result "1-0"]
[WhiteElo "1918"]
[BlackElo "2010"]
[PlyCount "77"]
[EventDate "2011.07.28"]
[EventType "swiss"]
[EventRounds "9"]
[EventCountry "RUS"]
[SourceTitle "EXT 2012"]
[Source "ChessBase"]
[SourceDate "2011.11.24"]
[SourceVersion "1"]
[SourceVersionDate "2011.11.24"]
[SourceQuality "1"]

1. e4 c5 2. Nf3 d6 3. d4 cxd4 4. Nxd4 Nf6 5. Nc3 g6 6. Be3 Bg7 7. f3 0-0 8. Qd2 Nc6 9. 0-0-0 d5 10. Kb1 Nxd4 11. e5 Nc6 12. exf6 exf6 13. Nxd5 Be6 14. Bb5 a6 15. Ba4 b5 16. Bb3 Na5 17. Nb6 Qxd2 18. Rxd2 Nxb3 19. axb3 Rad8 20. Rhd1 Rxd2 21. Rxd2 f5 22. Nd5 Bxd5 23. Rxd5 Re8 24. Rd3 h6 25. c4 bxc4 26. bxc4 g5 27. g3 Rb8 28. b3 Bf6 29. Kc2 Rd8 30. Rxd8+ Bxd8 31. Kd3 Kf8 32. Kd4 Bc7 33. Kc5 Bd8 34. Kc6 h5 35. Kb7 a5 36. c5 h4 37. gxh4 g4 38. fxg4 fxg4 39. c6 1-0

[Event "Saratov op"]
[Site "Saratov"]
[Date "2011.08.03"]
[Round "5"]
[White "Zhdanov, Petr"]
[Black "Fedukin, Alexandre"]
[Result "1-0"]
[WhiteElo "2010"]
[BlackElo "1880"]
[PlyCount "177"]
[EventDate "2011.07.28"]
[EventType "swiss"]
[EventRounds "9"]
[EventCountry "RUS"]
[SourceTitle "EXT 2012"]
[Source "ChessBase"]
[SourceDate "2011.11.24"]
[SourceVersion "1"]
[SourceVersionDate "2011.11.24"]
[SourceQuality "1"]

1. e4 e6 2. d4 d5 3. Nc3 dxe4 4. Nxe4 Nd7 5. Nf3 Ndf6 6. Bd3 Nxe4 7. Bxe4 c5 8. 0-0 Nf6 9. Bg5 cxd4 10. Nxd4 Be7 11. Bf3 0-0 12. c3 e5 13. Nb3 Qc7 14. Qc2 g6 15. g3 Bf5 16. Qe2 Kg7 17. Rfe1 h6 18. Qxe5 Qxe5 19. Rxe5 Be6 20. Be3 Bd6 21. Rb5 b6 22. Bxa8 Rxa8 23. Rd1 Be7 24. Bd4 Kf8 25. Re5 Ne8 26. Ree1 Nd6 27. Be3 g5 28. Nd4 Bg4 29. f3 Bd7 30. b3 b5 31. Nc2 Bf5 32. Nb4 Nc8 33. Nc6 Bf6 34. Bd4 Bxd4+ 35. Rxd4 Nb6 36. Rd6 Be6 37. Nd4 Ke7 38. Nxb5 a6 39. Rxb6 axb5 40. Rxb5 Rxa2 41. b4 Rc2 42. Rc5 h5 43. Re3 Kf6 44. b5 h4 45. g4 h3 46. b6 Rg2+ 47. Kh1 Rb2 48. Re1 Rxb6 49. Rce5 Rb3 50. R5e3 Rb2 51. R3e2 Rb3 52. Rc1 Bc4 53. Rd2 Ke5 54. Kg1 Rb6 55. Kf2 f5 56. gxf5 Kxf5 57. Kg3 Re6 58. Rd4 Ba6 59. Rcd1 Bb7 60. Rd7 Ba8 61. Rd8 Ra6 62. Rf8+ Kg6 63. Kxh3 Kg7 64. Rdd8 Bd5 65. Kg3 Bf7 66. Ra8 Rc6 67. Rfc8 Rd6 68. Ra7 Kg6 69. Rcc7 Be6 70. c4 Kf5 71. Rc5+ Kf6 72. Raa5 Rd3 73. Rxg5 Bxc4 74. Rgc5 Be6 75. Ra6 Kf7 76. Rc7+ Kf6 77. Rcc6 Re3 78. Rxe6+ Rxe6 79. Rxe6+ Kxe6 80. Kf4 Kf6 81. h3 Kg6 82. Ke5 Kg7 83. f4 Kf7 84. f5 Ke7 85. f6+ Kf7 86. h4 Kf8 87. Ke6 Ke8 88. f7+ Kf8 89. h5 1-0

[Event "Saratov op"]
[Site "Saratov"]
[Date "2011.08.01"]
[Round "3"]
[White "Zhdanov, Petr"]
[Black "Bolychevsky, Alexander"]
[Result "1-0"]
[WhiteElo "2010"]
[BlackElo "1825"]
[PlyCount "63"]
[EventDate "2011.07.28"]
[EventType "swiss"]
[EventRounds "9"]
[EventCountry "RUS"]
[SourceTitle "EXT 2012"]
[Source "ChessBase"]
[SourceDate "2011.11.24"]
[SourceVersion "1"]
[SourceVersionDate "2011.11.24"]
[SourceQuality "1"]

1. e4 e6 2. d4 d5 3. Nc3 Nf6 4. e5 Nfd7 5. f4 c5 6. Nf3 Nc6 7. Be3 Be7 8. Qd2 0-0 9. 0-0-0 c4 10. g4 b5 11. Nxb5 Rb8 12. Nd6 Nb4 13. Kb1 Qb6 14. c3 Bxd6 15. exd6 Nxa2 16. Kxa2 Qa5+ 17. Kb1 Nb6 18. Rc1 Bd7 19. b4 cxb3 20. c4 Qa4 21. Qb2 dxc4 22. Ne5 Rfc8 23. Bd2 Qb5 24. h4 Qd5 25. Rh3 Na4 26. Qa3 Qe4+ 27. Bd3 cxd3 28. Nxd7 Nc3+ 29. Rxc3 Rxc3 30. Nxb8 Qxd4 31. Bxc3 Qxc3 32. Qc1 1-0

[Event "Saratov op"]
[Site "Saratov"]
[Date "2011.07.28"]
[Round "1"]
[White "Zhdanov, Petr"]
[Black "Petryakova, Natalia"]
[Result "1-0"]
[WhiteElo "2010"]
[BlackElo "1722"]
[PlyCount "43"]
[EventDate "2011.07.28"]
[EventType "swiss"]
[EventRounds "9"]
[EventCountry "RUS"]
[SourceTitle "EXT 2012"]
[Source "ChessBase"]
[SourceDate "2011.11.24"]
[SourceVersion "1"]
[SourceVersionDate "2011.11.24"]
[SourceQuality "1"]

1. e4 b6 2. d4 Bb7 3. Nc3 e6 4. Bd3 g6 5. Nge2 Bg7 6. 0-0 Ne7 7. f4 f5 8. Be3 0-0 9. Ng3 Nbc6 10. exf5 Nxf5 11. Nxf5 gxf5 12. Bc4 Qf6 13. d5 Na5 14. Be2 exd5 15. Nxd5 Qxb2 16. c3 Bxd5 17. Qxd5+ Kh8 18. Bd4 Qxe2 19. Bxg7+ Kxg7 20. Rae1 Qh5 21. Re7+ Kh8 22. Qe5+ 1-0